| 000 | 00555nam a22002177a 4500 | ||
|---|---|---|---|
| 005 | 20260210132025.0 | ||
| 008 | 260210b |||||||| |||| 00| 0 eng d | ||
| 020 |
_a9788199209657 _c1595.00 |
||
| 040 | _aMAIN | ||
| 041 | _aEnglish | ||
| 082 |
_a572.8 _bWAT |
||
| 100 |
_aWatson, James D. _926266 |
||
| 245 | _aMolecular Biology of the Gene | ||
| 250 | _a9th | ||
| 260 |
_aNew Delhi _bCBS _c2026 |
||
| 300 | _a888 | ||
| 650 |
_aBiological Science _914046 |
||
| 700 |
_aYashpal, Madhu _926267 |
||
| 700 |
_aChatterjee, Debalina _926268 |
||
| 942 | _cBK | ||
| 999 |
_c60315 _d60315 |
||